00276nam a2200097 450000500170000002000180001708400250003510000180006024500560007826000440013420260119142454.0 a9781647404956 2Colon Classification aJackson, John aAdvances in Gene Function Prediction/cJohn Jackson aUSA:bSyrawood Publishing House,c2025.